000
00250nam a22000857a 4500
999
_c
10966
_d
10966
008
180703b ||||| |||| 00| 0 eng d
100
_a
Verlag, Max Huber
_9
3964
245
_a
Lernziel Deutsch
_b
Deutsch als fremdsprache
260
_a
Chennai
_b
Micro print
_c
2009